The Other Emptiness/ (Record no. 211938)

MARC details
000 -LEADER
fixed length control field 00725nam a22002177a 4500
005 - DATE AND TIME OF LATEST TRANSACTION
control field 20250625114623.0
010 ## - LCCN (DPL NO)
LC control number ENG-145560
020 ## - INTERNATIONAL STANDARD BOOK NUMBER
International Standard Book Number 9788195293148
Terms of availability 2995.00
035 ## - SYSTEM CONTROL NUMBER
System control number EN-129092
037 ## - SOURCE OF ACQUISITION
Source of stock number/acquisition DBAD
082 ## - DEWEY DECIMAL CLASSIFICATION NUMBER
Classification number 250
Edition number 1
245 ## - TITLE STATEMENT
Title The Other Emptiness/
Statement of responsibility, etc Edited By Michael R. Sheehy [and] Klaus Dieter Mathes
250 ## - EDITION STATEMENT
Edition statement 1
260 ## - PUBLICATION, DISTRIBUTION, ETC. (IMPRINT)
Place of publication, distribution, etc New Delhi
Name of publisher, distributor, etc Sanctum Books
Date of publication, distribution, etc 2024
270 ## - ADDRESS
Address 68 Medical Association Road, Darya Ganj
City New Delhi
Postal code 110002
300 ## - PHYSICAL DESCRIPTION
Extent vi, 391p.
Dimensions 24cm(hb)
Other physical details Index
500 ## - GENERAL NOTE
General note Rethinking the Zhentong Buddhist Discourse in Tibet
700 ## - ADDED ENTRY--PERSONAL NAME
Personal name Sheehy, Michael R.
Relator term Author
9 (RLIN) 82318
700 ## - ADDED ENTRY--PERSONAL NAME
Personal name Mathes, Klaus Dieter
Relator term Author
9 (RLIN) 82319
942 ## - ADDED ENTRY ELEMENTS (KOHA)
Item type English Books
Classification part 250
Source of classification or shelving scheme Dewey Decimal Classification
Call number suffix OTH
Holdings
Withdrawn status Lost status Not for loan Collection code Home library Current library Date acquired Source of acquisition Cost, normal purchase price Full call number Barcode Copy number Cost, replacement price Koha item type
      Reference Sarojini Nagar Sarojini Nagar 25/06/2025 Delivery of Books Act Division 2995.00 250 OTH EN-129092 1 2995.00 English Books

© Delhi Public Library
Hit Counter
free hit counter